Η Κακοποίηση του Παιδιού στο Σχολείο και στην Οικογένεια / Πως μπορούν οι γονείς, οι Εκπαιδευτικοί και οι Επαγγελματίες Ψυχικής Υγείας να Συμβάλλουν στο Παιδί (Record no. 6236)
[ view plain ]
| 000 -LEADER | |
|---|---|
| fixed length control field | 02024cam a22001934a 4500 |
| 005 - ΗΜΕΡΟΜΗΝΙΑ ΚΑΙ ΩΡΑ ΤΕΛΕΥΤΑΙΑΣ ΕΝΗΜΕΡΩΣΗΣ | |
| Πεδίο ελέγχου | 20250605164236.0 |
| 008 - FIXED-LENGTH DATA ELEMENTS--GENERAL INFORMATION | |
| Πεδίο ελέγχου σταθερού μήκους | 250528s ||||||||||||||||||||||||d |
| 035 ## - SYSTEM CONTROL NUMBER | |
| System control number | 21168 |
| 020 ## - ISBN | |
| ISBN | 9789604520633 |
| 040 ## - ΠΗΓΗ ΚΑΤΑΛΟΓΟΓΡΑΦΗΣΗΣ | |
| Φορέας πρωτότυπης καταλογογράφησης | MC Athens Campus Library |
| Γλώσσα καταλογογράφησης | Ελληνικά, Μοντέρνα (1453-) |
| Modifying agency | MC Athens Campus Library |
| Κανόνες περιγραφικής καταλογογράφησης | AACR2 |
| 245 1# - ΤΙΤΛΟΣ ΚΑΙ ΔΗΛΩΣΗ ΥΠΕΥΘΥΝΟΤΗΤΑΣ | |
| Τίτλος | Η Κακοποίηση του Παιδιού στο Σχολείο και στην Οικογένεια / Πως μπορούν οι γονείς, οι Εκπαιδευτικοί και οι Επαγγελματίες Ψυχικής Υγείας να Συμβάλλουν στο Παιδί |
| 260 ## - PUBLICATION, DISTRIBUTION, ETC. | |
| Name of publisher, distributor, etc. | Βήτα, |
| Date of publication, distribution, etc. | 2008 |
| 300 ## - PHYSICAL DESCRIPTION | |
| Extent | 172 |
| 520 ## - SUMMARY, ETC. | |
| Summary, etc. | Είναι εξαιρετικά σημαντικό όλοι όσοι έρχονται σε επαφή με το κακοποιημένο παιδί (συγγενείς, κοινωνική λειτουργοί, γιατροί, ωοσηλευτές, δάσκαλοι) να γνωστοποιούν στο παιδί ότι δε φταίει εκείνο για την κακοποίηση που υφίσταται, αλλά τα προσωπικά προβλήματα εκείνων που το κακοποιούν. Πρόλογος, Παιδική Παραμέληση, Συναισθηματική-Λεκτική Κακοποίηση, Σωματική Κακοποίηση, Σεξουαλική Κακοποίηση και Κίνδυνοι από το Διαδίκτυο, Κακοποίηση Παιδιών σε Μειονοτικές Ομάδες, Παιδιά-Μάρτυρες της Συντροφικής Βίας, Ουσιο-εξάρτηση και Ψυχική Ασθένεια στην Οικογένεια, Σχολικός Εκφοβισμός-Θυματοποίηση από Συνομίληκους, Αυτοεκτίμηση και Αυτοπροστασία στα Παιδιά, Παράρτημα, Προτροπή προς τον Εθελοντισμό, Πηγές Βοήθε |
| 700 1# - ΠΡΟΣΘΕΤΗ ΑΝΑΓΡΑΦΗ--ΦΥΣΙΚΟ ΠΡΟΣΩΠΟ | |
| Personal name | Πρεκατέ Βικτωρία |
| 9 (RLIN) | 7194 |
| 942 ## - ADDED ENTRY ELEMENTS (KOHA) | |
| Koha item type | Books |
| Τύπος τεκμηρίου | Βιβλιοθήκη | Τρέχουσα τοποθεσία | Barcode | Αριθμός εισαγωγής | Ημερομηνία απόκτησης | Ταξιθετικό σύμβολο | Αριθμός αντιτύπου | Κατάσταση απόσυρσης | Κατάσταση χαμένου | Κατάσταση κατεστραμμένου | Μη δανεισμός | Σύνολο δανεισμών | Ημερομηνία τελευταίας εμφάνισης | Η τιμή ισχύει από |
|---|---|---|---|---|---|---|---|---|---|---|---|---|---|---|
| Books | MC Athens Campus Library | MC Athens Campus Library | 9780000062352 | 3037 | 05/06/2025 | 362.76 PRE | 1 | 05/06/2025 | 05/06/2025 |